000 00235 a2200097 4500
001 46081
100 _aFlood, W
245 _aDictionary of scientific and technical words
260 _aLondon
_bLongmans Green
_c
090 _c29185
_d29185
942 _aNUST-CAE
_cM
_c21319
999 _c281154
_d281154